00237nam a22000977a 4500020001800000040000900018082001600027100001700043245004400060260003500104 a9780367656317 cNUST a006.45bHIL aHill, Paul R aAudio and Speech Processing With Matlab aBoca Raton:bCRC Press,c2019.